000 00784nam a2200229 i 4500
001 125441
003 ES-MaACL
005 20230906192629.0
007 t|
008 070611s1992 fr ||||1| spa d
020 _a2-253-05749-5
080 _a821.134.2-32(076)
245 0 4 _aLos chicos y otros relatos /
_cchoix et annotations par Mercedes Blanc-Brouste et Marc Zuili.
260 _aParis :
_bLibrairie Générale Française,
_c[1992]
300 _a125 p. ;
_c17 cm.
490 1 _aLe Livre de Poche ;
_v8655.
_aLire en espagnol
500 _aBiblioteca Jacinto Martínez Lacalle.
650 1 4 _aLengua española-
_xLecturas.
_914168
830 0 _aLe Livre de Poche ;
_v8655.
_aLire en espagnol
_9219037
852 _aES-MaACL
_jE-11665
_bR.139688
999 _c125441
_d125441